[Event "Faxe EMT"]
[Site "Faxe"]
[Date "2011.04.27"]
[Round "4"]
[White "Voigt, Keld"]
[Black "Toftvang, Ove"]
[Result "1/2-1/2"]
[WhiteElo "1087"]
[BlackElo "1241"]
[PlyCount "116"]
[EventDate "2011.04.11"]
[EventType "swiss"]
[EventRounds "7"]
[EventCountry "DEN"]
[SourceTitle "EXT 2023"]
[Source "ChessBase"]
[SourceDate "2022.10.05"]
[SourceVersion "1"]
[SourceVersionDate "2022.10.05"]
[SourceQuality "1"]

1. d4 f5 2. c4 g6 3. Nc3 c6 4. e4 d6 5. Bd3 e6 6. Nf3 Bg7 7. 0-0 Nf6 8. exf5 exf5 9. Re1+ Kd7 10. d5 Re8 11. Ng5 Rxe1+ 12. Qxe1 Qe8 13. Be3 Kd8 14. Bf4 h6 15. Ne6+ Bxe6 16. dxe6 Qe7 17. Rd1 Ne8 18. c5 Bxc3 19. bxc3 d5 20. Bxh6 Nc7 21. f4 Kc8 22. Bg5 Qxe6 23. Qxe6+ Nxe6 24. Re1 Kd7 25. g3 Na6 26. Bxa6 bxa6 27. Rb1 Nxc5 28. Bf6 Ke6 29. Bd4 Ne4 30. Rb7 c5 31. Bg7 c4 32. Bd4 a5 33. Rg7 a6 34. Rxg6+ Kf7 35. Rb6 a4 36. Rb4 a3 37. Kg2 Nd6 38. Be5 Nb5 39. h4 Kg6 40. Rb1 Kh5 41. Kf3 Rd8 42. Rd1 Rd7 43. Bd4 a5 44. Rb1 Rb7 45. Rd1 Rd7 46. Be5 a4 47. Rb1 Rb7 48. Rb4 d4 49. Rxc4 Nxc3 50. Bxd4 Nxa2 51. Rxa4 Rb3+ 52. Kg2 Kg4 53. Ra8 Rxg3+ 54. Kf2 Kh3 55. Be5 Nb4 56. Kf1 a2 57. Ke2 Rg2+ 58. Kd1 Nd3 1/2-1/2

[Event "Faxe EMT"]
[Site "Faxe"]
[Date "2011.04.11"]
[Round "1"]
[White "Andersen, Hans E"]
[Black "Voigt, Keld"]
[Result "1-0"]
[WhiteElo "1476"]
[BlackElo "1087"]
[PlyCount "66"]
[EventDate "2011.04.11"]
[EventType "swiss"]
[EventRounds "7"]
[EventCountry "DEN"]
[SourceTitle "EXT 2023"]
[Source "ChessBase"]
[SourceDate "2022.10.05"]
[SourceVersion "1"]
[SourceVersionDate "2022.10.05"]
[SourceQuality "1"]

1. e4 Nc6 2. Nf3 e5 3. Bc4 Nf6 4. d3 d5 5. exd5 Nxd5 6. Bxd5 Qxd5 7. Nc3 Bb4 8. Bd2 Bxc3 9. Bxc3 Bg4 10. Qe2 0-0 11. b3 Nd4 12. Bxd4 exd4 13. 0-0 c5 14. Rfe1 Bxf3 15. gxf3 Qg5+ 16. Kh1 Kh8 17. Rg1 Qd5 18. Qe4 Qxe4 19. fxe4 f5 20. e5 g6 21. f4 Rae8 22. Rg3 Re6 23. Rc1 h6 24. h4 g5 25. hxg5 hxg5 26. Rxg5 Rg8 27. Rxg8+ Kxg8 28. Kg2 Rh6 29. Kf3 Ra6 30. a4 b5 31. axb5 Ra2 32. Rg1+ Kf7 33. Rc1 Ke6 1-0

[Event "Faxe Eftermiddag-D"]
[Site "Faxe"]
[Date "2010.10.05"]
[Round "2"]
[White "Voigt, Keld"]
[Black "Hansen, Egon"]
[Result "0-1"]
[WhiteElo "1204"]
[BlackElo "1336"]
[PlyCount "57"]
[EventDate "2010.09.22"]
[EventType "swiss"]
[EventRounds "5"]
[EventCountry "DEN"]
[SourceTitle "EXT 2023"]
[Source "ChessBase"]
[SourceDate "2022.10.05"]
[SourceVersion "1"]
[SourceVersionDate "2022.10.05"]
[SourceQuality "1"]

1. d4 Nf6 2. Bg5 e6 3. e4 Be7 4. e5 Nd5 5. Bxe7 Qxe7 6. Nf3 c5 7. c4 Nb6 8. Be2 d5 9. Nbd2 Nc6 10. cxd5 exd5 11. Bb5 0-0 12. Bxc6 bxc6 13. dxc5 Nd7 14. 0-0 Nxe5 15. Nxe5 Qxe5 16. Qc2 Bf5 17. Qc1 Rab8 18. Nb3 Rfe8 19. f4 Qe3+ 20. Qxe3 Rxe3 21. Rf2 Rbe8 22. Nd4 Bd7 23. b4 Re1+ 24. Rf1 Rxf1+ 25. Rxf1 Re4 26. Rd1 Rxf4 27. a3 g6 28. Rd2 f5 29. Rf2 0-1

[Event "Faxe EMT"]
[Site "Faxe"]
[Date "2009.04.15"]
[Round "4"]
[White "Voigt, Keld"]
[Black "Eriksen, Knud"]
[Result "1-0"]
[WhiteElo "1180"]
[BlackElo "1255"]
[PlyCount "101"]
[EventDate "2009.03.18"]
[EventType "swiss"]
[EventRounds "7"]
[EventCountry "DEN"]
[SourceTitle "EXT 2023"]
[Source "ChessBase"]
[SourceDate "2022.10.05"]
[SourceVersion "1"]
[SourceVersionDate "2022.10.05"]
[SourceQuality "1"]

1. e4 e5 2. d3 Nf6 3. Nf3 d6 4. Nc3 Bg4 5. h3 Bh5 6. Be2 h6 7. Nh4 Bxe2 8. Qxe2 Nc6 9. Nf5 g6 10. Ng3 Nd4 11. Qd1 Bg7 12. Nce2 Nxe2 13. Qxe2 Qd7 14. 0-0 Qc6 15. c4 a5 16. a4 b6 17. b3 0-0 18. f4 exf4 19. Bxf4 Rae8 20. Rab1 Nd7 21. Kh1 f5 22. Qd2 Kh7 23. exf5 Rf6 24. fxg6+ Rxg6 25. d4 d5 26. Qd3 Nf6 27. Be5 dxc4 28. bxc4 Re7 29. Rb5 Nd7 30. Bxg7 Rexg7 31. Rd5 Kh8 32. Rf3 Rg8 33. Rdf5 Qe6 34. d5 Qe1+ 35. Kh2 Ne5 36. Qd4 Kh7 37. Qxe5 Qxe5 38. Rxe5 R8g7 39. Re6 Rg5 40. Rfe3 R5g6 41. Rxg6 Kxg6 42. Kg1 Kf6 43. Nh5+ Kf7 44. Nxg7 Kxg7 45. Rf3 Kg6 46. Kf2 Kg5 47. Ke3 h5 48. Ke4 h4 49. Ke5 Kg6 50. Ke6 Kg5 51. Kd7 1-0

[Event "Faxe EMT"]
[Site "Faxe"]
[Date "2009.04.01"]
[Round "3"]
[White "Voigt, Keld"]
[Black "Nielsen, Johannes"]
[Result "0-1"]
[WhiteElo "1180"]
[BlackElo "1000"]
[PlyCount "32"]
[EventDate "2009.03.18"]
[EventType "swiss"]
[EventRounds "7"]
[EventCountry "DEN"]
[SourceTitle "EXT 2023"]
[Source "ChessBase"]
[SourceDate "2022.10.05"]
[SourceVersion "1"]
[SourceVersionDate "2022.10.05"]
[SourceQuality "1"]

1. e4 e5 2. Bc4 Nf6 3. d3 d6 4. h3 Nc6 5. f4 g6 6. fxe5 Nxe5 7. Bb3 Bg7 8. Nf3 Nxf3+ 9. Qxf3 h6 10. Nc3 c6 11. Qg3 Qe7 12. 0-0 0-0 13. Qxg6 Be6 14. Bxe6 Qxe6 15. Bxh6 fxg6 16. Bxg7 Kxg7 0-1

[Event "Faxe EMT"]
[Site "Faxe"]
[Date "2008.04.23"]
[Round "4"]
[White "Voigt, Keld"]
[Black "Hansen, Arne Mandrup"]
[Result "0-1"]
[WhiteElo "1202"]
[BlackElo "1307"]
[PlyCount "72"]
[EventDate "2008.03.26"]
[EventType "swiss"]
[EventRounds "7"]
[EventCountry "DEN"]
[SourceTitle "EXT 2023"]
[Source "ChessBase"]
[SourceDate "2022.10.05"]
[SourceVersion "1"]
[SourceVersionDate "2022.10.05"]
[SourceQuality "1"]

1. d4 Nf6 2. c4 e5 3. dxe5 Ng4 4. Nf3 Nc6 5. h3 Ngxe5 6. Nxe5 Nxe5 7. Qd5 Bb4+ 8. Bd2 Bxd2+ 9. Nxd2 Qe7 10. e3 0-0 11. Be2 d6 12. Qe4 c6 13. f4 Ng6 14. Qxe7 Nxe7 15. Ne4 d5 16. cxd5 Nxd5 17. Kf2 Re8 18. Bf3 f5 19. Nd6 Re7 20. Bxd5+ cxd5 21. Nxc8 Rxc8 22. Rac1 Rec7 23. Rxc7 Rxc7 24. Re1 Rc2+ 25. Re2 Rxe2+ 26. Kxe2 Kf7 27. Kd3 Ke6 28. Kd4 Kd6 29. b4 b5 30. a3 g6 31. g4 fxg4 32. hxg4 h5 33. f5 h4 34. fxg6 Ke6 35. g5 h3 36. g7 Kf7 0-1

[Event "Faxe EMT"]
[Site "Faxe"]
[Date "2008.04.16"]
[Round "3"]
[White "Christoffersen, Ib"]
[Black "Voigt, Keld"]
[Result "0-1"]
[WhiteElo "1353"]
[BlackElo "1202"]
[PlyCount "118"]
[EventDate "2008.03.26"]
[EventType "swiss"]
[EventRounds "7"]
[EventCountry "DEN"]
[SourceTitle "EXT 2023"]
[Source "ChessBase"]
[SourceDate "2022.10.05"]
[SourceVersion "1"]
[SourceVersionDate "2022.10.05"]
[SourceQuality "1"]

1. d4 d6 2. d5 c6 3. c4 cxd5 4. cxd5 Nf6 5. e3 Qa5+ 6. Nc3 Ne4 7. Bd2 Nxc3 8. Bxc3 Qb6 9. h3 Nd7 10. Nf3 Nc5 11. Be2 Bf5 12. 0-0 Ne4 13. Bd4 Qa5 14. Bd3 Qxd5 15. b3 e5 16. Bb2 Be7 17. Qe2 0-0 18. Rac1 Ng3 19. fxg3 Bxd3 20. Qd1 Be4 21. Qe2 Bxf3 22. Rxf3 f5 23. Rcf1 e4 24. R3f2 g6 25. Rd1 Qa5 26. Rff1 Qa6 27. Qd2 Rad8 28. Qd4 Bf6 29. Qd5+ Kg7 30. Bxf6+ Rxf6 31. Qd4 Qxa2 32. g4 Kf7 33. Qd5+ Ke7 34. Qxb7+ Rd7 35. Qd5 Qe2 36. Qd4 Qc2 37. g5 Rf7 38. b4 Qc6 39. Rf2 Qb6 40. Qd2 Rb7 41. h4 Qxb4 42. Qc2 Qc5 43. Qd2 Rb3 44. Re1 Rd3 45. Qe2 a5 46. Kh1 a4 47. g4 a3 48. gxf5 Rxf5 49. Rf4 Qb4 50. Ref1 Ke6 51. Kg2 Rd2 52. Qxd2 Qxd2+ 53. R1f2 Qxe3 54. Rxf5 gxf5 55. Kf1 Qxf2+ 56. Kxf2 a2 57. h5 a1Q 58. g6 hxg6 59. hxg6 Qg7 0-1

[Event "Faxe EMT"]
[Site "Faxe"]
[Date "2008.04.02"]
[Round "2"]
[White "Voigt, Keld"]
[Black "Lillebro, Verner"]
[Result "0-1"]
[WhiteElo "1202"]
[BlackElo "1294"]
[PlyCount "82"]
[EventDate "2008.03.26"]
[EventType "swiss"]
[EventRounds "7"]
[EventCountry "DEN"]
[SourceTitle "EXT 2023"]
[Source "ChessBase"]
[SourceDate "2022.10.05"]
[SourceVersion "1"]
[SourceVersionDate "2022.10.05"]
[SourceQuality "1"]

1. d4 d5 2. Bf4 Nf6 3. e3 a6 4. c4 e6 5. c5 Nc6 6. Nf3 Nh5 7. Be5 f6 8. Bg3 Nxg3 9. hxg3 e5 10. Nh4 e4 11. Qh5+ Ke7 12. Nc3 Nb4 13. Qd1 g5 14. a3 Nc6 15. Be2 gxh4 16. gxh4 Rg8 17. g3 Bh6 18. Qd2 Bg4 19. 0-0-0 Bxe2 20. Qxe2 Na5 21. Kb1 Nc4 22. Qh5 Rg6 23. Nxd5+ Ke6 24. Nf4+ Bxf4 25. exf4 f5 26. Qxh7 Qg8 27. Qxc7 Rg7 28. d5+ Kf6 29. d6 Rxc7 30. dxc7 Rc8 31. Rd4 Rxc7 32. b3 Nxa3+ 33. Ka2 Nb5 34. Rc4 a5 35. Rd1 Rc6 36. Rg1 Qd8 37. Rg2 Qd5 38. g4 fxg4 39. Kb2 Rxc5 40. Ra4 e3 41. f5 Qxg2 0-1

[Event "Faxe EMT"]
[Site "Faxe"]
[Date "2007.04.18"]
[Round "3"]
[White "Hansen, Egon"]
[Black "Voigt, Keld"]
[Result "1/2-1/2"]
[WhiteElo "1546"]
[BlackElo "1303"]
[PlyCount "81"]
[EventDate "2007.03.21"]
[EventType "swiss"]
[EventRounds "7"]
[EventCountry "DEN"]
[SourceTitle "EXT 2023"]
[Source "ChessBase"]
[SourceDate "2022.10.05"]
[SourceVersion "1"]
[SourceVersionDate "2022.10.05"]
[SourceQuality "1"]

1. d4 e6 2. Nf3 Nf6 3. Bg5 h6 4. Bh4 Be7 5. c4 c5 6. Nc3 Nc6 7. e3 cxd4 8. exd4 Ng4 9. Bxe7 Qxe7 10. h3 Nf6 11. Bd3 d5 12. 0-0 Qb4 13. Qb3 0-0 14. Rfd1 Qxb3 15. axb3 dxc4 16. bxc4 Rd8 17. Be2 a5 18. Nb5 Rd7 19. d5 exd5 20. cxd5 Rxd5 21. Nc7 Rxd1+ 22. Rxd1 Rb8 23. Bc4 Bf5 24. Nd5 Nxd5 25. Bxd5 Nb4 26. Rd4 Nxd5 27. Rxd5 Be4 28. Rxa5 Bxf3 29. gxf3 b5 30. b4 f5 31. f4 Rb6 32. h4 Kf7 33. Kf1 h5 34. Ke2 g6 35. Ke3 Ke6 36. Kd4 Kd6 37. Ra8 Rc6 38. Ke3 Kd5 39. Ra3 Ke6 40. Kd3 Kd6 41. Ra5 1/2-1/2